Iqbal and the Recent Exposition of Islamic Political Thought (Record no. 5290)
[ view plain ]
| 000 -LEADER | |
|---|---|
| fixed length control field | 00638nam a2200241 a 4500 |
| 020 ## - INTERNATIONAL STANDARD BOOK NUMBER | |
| ISBN | |
| 082 00 - DEWEY DECIMAL CLASSIFICATION NUMBER | |
| Classification number | 181.07 |
| Author Cutter | AHM1 |
| 100 ## - MAIN ENTRY--AUTHOR NAME | |
| Author name | Ahmed, Muhammad Aziz |
| 245 ## - TITLE STATEMENT | |
| Title | Iqbal and the Recent Exposition of Islamic Political Thought |
| 260 ## - PUBLICATION, DISTRIBUTION, ETC. (IMPRINT) | |
| Place of publication | Lahore |
| Name of publisher | Sh. Muhammad Ashraf |
| Year of publication | 1977 |
| 300 ## - PHYSICAL DESCRIPTION | |
| Number of Pages | 64p |
| 500 ## - GENERAL NOTE | |
| General note | includes index and biblioraphy |
| 505 2# - FORMATTED CONTENTS NOTE | |
| Formatted contents note | bibl, Ref. Index |
| 650 ## - SUBJECT ADDED ENTRY--TOPICAL TERM | |
| Topical Term | Philosophy-Islamic-Iqbal |
| 942 ## - ADDED ENTRY ELEMENTS (KOHA) | |
| Koha item type | Books |
| 700 1# - | |
| -- | Ahmed, Muhammad Aziz |
| Home library | Current library | Date acquired | Cost, normal purchase price | Full call number | Accession Number | Koha item type |
|---|---|---|---|---|---|---|
| Henry Martyn Institute Library | Henry Martyn Institute Library | 03/16/2007 | 4.50 | 181.07 AHM1 | 09282 | E-Books |
